American Dad Characters By Picture - Statistics

General Stats
  • This quiz has been taken 226 times
  • The average score is 10 of 15
Answer Stats
Picture Answer % Correct
Stan
98%
Roger
94%
Steve
94%
Francine
91%
Klaus
87%
Jeff
75%
Snot
74%
Hayley
71%
Barry
69%
Toshi
68%
Bullock
60%
Gwen
35%
Reginald
31%
Jack
29%
Rusty
17%
No matching quizzes found
Score Distribution
Percent of People with Each Score
Percentile by Number Answered
Your Score History
You have not taken this quiz